000 00477nam a2200169 i 4500
001 100765
003 ES-MaACL
005 20230906182737.0
007 t|
008 051005s1941 sp ||||1| spa d
100 1 _aMataix Aracil, Carlos.
_978910
245 1 0 _aTratado de Mecánica racional /
_cpor Carlos Mataix Aracil.
250 _a2ª ed.
260 _aMadrid :
_bNuevas Gráficas,
_c1941.
300 _aVIII, 512 p. ;
_c26 cm.
852 _aES-MaACL
_jF-15285
_bR.18987
999 _c100765
_d100765